| 000 | 01251cam a22003011 4500 | ||
|---|---|---|---|
| 001 | 4264 | ||
| 003 | BD-RjUL | ||
| 005 | 20211208233849.0 | ||
| 008 | 131222s1967 nyua b 001 0 eng | ||
| 035 | _a(BD-RjUL)4299 | ||
| 040 |
_aDLC _cDLC _dDLC _dBD-RjUL _beng |
||
| 041 | _aeng | ||
| 082 | 0 | 0 |
_a332 _bHES 1967 |
| 100 | 1 |
_aHester, Donald D., _913514 |
|
| 245 | 1 | 0 |
_aStudies of portfolio behavior / _cedited by Donald D. Hester and James Tobin. Contributors: Donald D. Hester [and others] |
| 260 |
_aNew York : _bWiley , _cc1967 |
||
| 300 |
_aix, 258 p. _billus. _c23 cm. |
||
| 410 | 2 | 0 |
_aCowles Foundation for Research in Economics at Yale University. _tMonograph _v20 |
| 500 | _a"One of three Monographs (19, 20 and 21) that bring together nineteen essays on theoretical and empirical monetary economics." | ||
| 504 | _aBibliographical footnotes and index. | ||
| 650 | 0 |
_aSaving and investment _zUnited States _xMathematical models. _913515 |
|
| 650 | 0 |
_aConsumers _zUnited States _xMathematical models. _913516 |
|
| 700 | 1 |
_aTobin, James, _d1918- _ejoint comp. _96759 |
|
| 856 | _uhttp://www.worldcat.org/title/studies-of-portfolio-behavior/oclc/179469&referer=brief_results | ||
| 942 |
_2ddc _cBK |
||
| 999 |
_c4264 _d4264 |
||